<?xml version="1.0" encoding="UTF-8"?>
<record
    xmlns:xsi="http://www.w3.org/2001/XMLSchema-instance"
    xsi:schemaLocation="http://www.loc.gov/MARC21/slim http://www.loc.gov/standards/marcxml/schema/MARC21slim.xsd"
    xmlns="http://www.loc.gov/MARC21/slim">

  <leader>01235nam a2200205 a 4500</leader>
  <controlfield tag="008">011117s1998    ag  |||g |||| 000 1 spa d</controlfield>
  <datafield tag="020" ind1=" " ind2=" ">
    <subfield code="a">9508600640</subfield>
  </datafield>
  <datafield tag="041" ind1=" " ind2=" ">
    <subfield code="a">spa</subfield>
  </datafield>
  <datafield tag="092" ind1=" " ind2=" ">
    <subfield code="c">808.8</subfield>
    <subfield code="l">63</subfield>
    <subfield code="s">ORG</subfield>
  </datafield>
  <datafield tag="100" ind1="1" ind2=" ">
    <subfield code="a">Orgambide, Pedro</subfield>
    <subfield code="9">3505</subfield>
  </datafield>
  <datafield tag="245" ind1=" " ind2=" ">
    <subfield code="a">Antolog&#xED;a personal /</subfield>
    <subfield code="c">Pedro Orgambide</subfield>
  </datafield>
  <datafield tag="250" ind1=" " ind2=" ">
    <subfield code="a">1a ed.</subfield>
  </datafield>
  <datafield tag="260" ind1=" " ind2=" ">
    <subfield code="a">Buenos Aires:</subfield>
    <subfield code="b">Ediciones Instituto Movilizador de Fondos Cooperativos;</subfield>
    <subfield code="c">1998.</subfield>
  </datafield>
  <datafield tag="300" ind1=" " ind2=" ">
    <subfield code="a">126 p.</subfield>
  </datafield>
  <datafield tag="500" ind1=" " ind2=" ">
    <subfield code="a">Orgambide, P. (1998). Antolog&#xED;a personal. (1a ed.). Buenos Aires : Ediciones Instituto Movilizador de Fondos Cooperativos.</subfield>
  </datafield>
  <datafield tag="505" ind1=" " ind2=" ">
    <subfield code="a">"Una antolog&#xED;a de preferencias, lo es, tambi&#xE9;n, de omisiones. No seleccion&#xE9; ning&#xFA;n fragmente de mis novelas o de mis obras de teatro, que funcionan mejor como totalidades. Y no eleg&#xED; ning&#xFA;n ensayo por la misma raz&#xF3;n. En cambio, opt&#xE9; por un texto autobiogr&#xE1;fico que, seg&#xFA;n creo, ilustra sobre mi aprendizaje de escritor, que comenz&#xF3; hace m&#xE1;s de medio siglo y que contin&#xFA;a hasta el presente. Eleg&#xED; tambi&#xE9;n varios cuentos escritos en diferentes momentos de mi vida. Algunos de ellos transcurren en M&#xE9;xico, en los a&#xF1;os del exilio". </subfield>
  </datafield>
  <datafield tag="590" ind1=" " ind2=" ">
    <subfield code="a">Donaci&#xF3;n Maria Vitarelli, diciembre 2017</subfield>
  </datafield>
  <datafield tag="655" ind1=" " ind2=" ">
    <subfield code="a">Antologia</subfield>
    <subfield code="9">3506</subfield>
  </datafield>
  <datafield tag="942" ind1=" " ind2=" ">
    <subfield code="2">ddc</subfield>
    <subfield code="c">LIT</subfield>
  </datafield>
  <datafield tag="999" ind1=" " ind2=" ">
    <subfield code="c">2641</subfield>
    <subfield code="d">2641</subfield>
  </datafield>
  <datafield tag="952" ind1=" " ind2=" ">
    <subfield code="0">0</subfield>
    <subfield code="1">0</subfield>
    <subfield code="2">ddc</subfield>
    <subfield code="4">0</subfield>
    <subfield code="7">0</subfield>
    <subfield code="a">BFM</subfield>
    <subfield code="b">BFM</subfield>
    <subfield code="c">CR</subfield>
    <subfield code="d">2018-02-06</subfield>
    <subfield code="e">Donaci&#xF3;n Maria Vitarelli, diciembre 2017</subfield>
    <subfield code="l">0</subfield>
    <subfield code="o">808.8 63 ORG</subfield>
    <subfield code="p">4163</subfield>
    <subfield code="r">2018-02-06</subfield>
    <subfield code="t">Ej. 1</subfield>
    <subfield code="w">2018-02-06</subfield>
    <subfield code="y">LIT</subfield>
    <subfield code="z">Proyecto 4to libro. Donaci&#xF3;n Maria Vitarelli, diciembre 2017</subfield>
  </datafield>
</record>
